000 00693nam a2200229Ia 4500
003 OSt
005 20220923213304.0
006 a|||||r|||| 00| 0
007 ta
008 220922b |||||||| |||| 00| 0 hin d
024 _a160,457
037 _cTextual
040 _aARTS
_cARTS
_bhin
041 _2hin
_ahin
082 _aO152:1F70:1, J5.1-.4
100 _aचन्दवरदाई
245 0 _aपृथ्वीराजरासो, सम्पा मोहनसिंह
246 _aPṛuthvīrājarāso, sampā0 mohanasianha
260 _c1955
942 _hO152:1F70:1, J5.1-.4
_cTEXL
_2CC
999 _c315204
_d315204